000 01010cab a2200253 4500
001 ABS47198
008 090401t1992 xxu||||| |||| 00| 0 eng d
035 _a(Sirsi) u61020
041 _aeng
245 _aHealth and safety control on site
260 _c1992
350 _a0
490 _aBuilding
_v257(7764) 2 October 1992, 36-37(2)
520 _aReview of the Temporary or Mobile Construction Sites Directive adopted in July 1992, to be implemented by 31 December 1993, which will effect a major change in the way health and safety is controlled on site and which will in turn affect the legal liabilities of those involved in construction.
650 _aBUILDING SITES
650 _aEC DIRECTIVES
650 _aFRAMEWORK DIRECTIVE
650 _aHEALTH AND SAFETY
_96244
650 _aOFFSHORE (PROTECTION AGAINST VICTIMISATION) ACT 1992
650 _aTEMPORARY OR MOBILE CONSTRUCTION SITES DIRECTIVE
690 _aBUILT ENVIRONMENT-BUILDING STANDARDS
942 _n0
948 _c04/03/1997
999 _c37727
_d37727